000 00850nas a22002057a 4500
003 OSt
005 20160923112814.0
008 160601b xxu||||| |||| 00| 0 eng d
022 _a1130-0426
040 _cBMC
082 _a320.3064
245 0 0 _aNueva revista de política, cultura y arte
_p: Mayo-junio
_cAntonio Fontán (Presidente y editor)
260 _aMadrid
_bDifusiones y Promociones Editoriales, S.A. (Diproedisa)
_c2002
300 _a176 p.
_c21 cm
490 _aNueva revista de política, cultura y arte
_v81
505 _aContiene: ciudadanía y partidos políticos.- Perfeccionar el estado de derecho.- Efectos del TLCAN.- No hay leche ni cemento, sino votos, compensación corrupción.- La nueva agencia de las mujeres.-
650 2 4 _912628
_aPolítica cultural
700 1 _93186
_aFontán, Antonio
_d1923-2010
942 _2ddc
_cPR
999 _c25840
_d25840